Capitalism for beginners / (Record no. 36502)
[ view plain ]
| 000 -LEADER | |
|---|---|
| campo de control de longitud fija | 01322cam a2200445 a 4500 |
| 003 - IDENTIFICADOR DE NÚMERO DE CONTROL | |
| campo de control | BJBSDDR |
| 005 - FECHA Y HORA DE LA ÚLTIMA TRANSACCIÓN | |
| campo de control | 20230410105428.0 |
| 007 - CAMPO FIJO DE DESCRIPCIÓN FÍSICA--INFORMACIÓN GENERAL | |
| campo de control de longitud fija | ta |
| 008 - DATOS DE LONGITUD FIJA--INFORMACIÓN GENERAL | |
| campo de control de longitud fija | 810313s1981 nyu 000 0 eng |
| 020 ## - NÚMERO INTERNACIONAL ESTÁNDAR DEL LIBRO | |
| Número Internacional Estándar del Libro | 0394510275 |
| 020 ## - NÚMERO INTERNACIONAL ESTÁNDAR DEL LIBRO | |
| Número Internacional Estándar del Libro | 9780394510279 |
| 020 ## - NÚMERO INTERNACIONAL ESTÁNDAR DEL LIBRO | |
| Número Internacional Estándar del Libro | 0394738632 (pbk.) |
| 020 ## - NÚMERO INTERNACIONAL ESTÁNDAR DEL LIBRO | |
| Número Internacional Estándar del Libro | 9780394738635 (pbk.) |
| 029 1# - OTRO NÚMERO DE CONTROL DE SISTEMA (OCLC) | |
| Identificador de la biblioteca OCLC | NZ1 |
| Número de control de sistema | 3394256 |
| 029 1# - OTRO NÚMERO DE CONTROL DE SISTEMA (OCLC) | |
| Identificador de la biblioteca OCLC | AU@ |
| Número de control de sistema | 000001963469 |
| 029 1# - OTRO NÚMERO DE CONTROL DE SISTEMA (OCLC) | |
| Identificador de la biblioteca OCLC | AU@ |
| Número de control de sistema | 000023896294 |
| 035 ## - NÚMERO DE CONTROL DEL SISTEMA | |
| Número de control de sistema | (OCoLC)ocm07275075 |
| 035 ## - NÚMERO DE CONTROL DEL SISTEMA | |
| Número de control de sistema | (OCoLC)7275075 |
| 040 ## - FUENTE DE CATALOGACIÓN | |
| Centro catalogador/agencia de origen | DLC |
| Centro/agencia transcriptor | DLC |
| Lengua de catalogación | spa |
| 041 ## - CÓDIGO DE IDIOMA | |
| Código de lengua del texto/banda sonora o título independiente | spa |
| 043 ## - CÓDIGO DE ÁREA GEOGRÁFICA | |
| Código de área geográfica | n-us--- |
| 050 14 - SIGNATURA TOPOGRÁFICA DE LA BIBLIOTECA DEL CONGRESO | |
| Número de clasificación | HB 501 |
| Número de ítem | L536c 1981 |
| 082 00 - NÚMERO DE LA CLASIFICACIÓN DECIMAL DEWEY | |
| Número de clasificación | 330.12/2 |
| Número de edición | 19 |
| 100 1# - ENTRADA PRINCIPAL--NOMBRE DE PERSONA | |
| Nombre de persona | Lekachman, Robert |
| Fechas asociadas al nombre | 1920-1989 |
| 245 10 - MENCIÓN DEL TÍTULO | |
| Título | Capitalism for beginners / |
| Mención de responsabilidad, etc. | by Robert Lekachman & Borin Van Loon. |
| 250 ## - MENCION DE EDICION | |
| Mención de edición | 1st American ed. |
| 260 ## - PUBLICACIÓN, DISTRIBUCIÓN, ETC. | |
| Lugar de publicación, distribución, etc. | New York : |
| Nombre del editor, distribuidor, etc. | Pantheon Books, |
| Fecha de publicación, distribución, etc. | c1981. |
| 300 ## - DESCRIPCIÓN FÍSICA | |
| Extensión | 174 pages : |
| Otras características físicas | ill. ; |
| Dimensiones | 22 cm. |
| 504 ## - NOTA DE BIBLIOGRAFÍA, ETC. | |
| Nota de bibliografía, etc. | Bibliography: p. 174. |
| 650 #0 - PUNTO DE ACCESO ADICIONAL DE MATERIA--TÉRMINO DE MATERIA | |
| Término de materia o nombre geográfico como elemento de entrada | Capitalism. |
| 650 #4 - PUNTO DE ACCESO ADICIONAL DE MATERIA--TÉRMINO DE MATERIA | |
| Término de materia o nombre geográfico como elemento de entrada | Capitalismo |
| 9 (RLIN) | 1787 |
| 650 #4 - PUNTO DE ACCESO ADICIONAL DE MATERIA--TÉRMINO DE MATERIA | |
| Término de materia o nombre geográfico como elemento de entrada | Economía |
| 9 (RLIN) | 761 |
| 650 #4 - PUNTO DE ACCESO ADICIONAL DE MATERIA--TÉRMINO DE MATERIA | |
| Término de materia o nombre geográfico como elemento de entrada | Historia económica |
| 9 (RLIN) | 28 |
| Subdivisión cronológica | 1971-1990 |
| 650 #4 - PUNTO DE ACCESO ADICIONAL DE MATERIA--TÉRMINO DE MATERIA | |
| Término de materia o nombre geográfico como elemento de entrada | Colección René Villarreal (CRV) |
| 9 (RLIN) | 760 |
| 651 #6 - PUNTO DE ACCESO ADICIONAL DE MATERIA--NOMBRE GEOGRÁFICO | |
| Nombre geográfico | Etats-Unis |
| Subdivisión general | Conditions économiques |
| Subdivisión cronológica | 1971- |
| 651 #4 - PUNTO DE ACCESO ADICIONAL DE MATERIA--NOMBRE GEOGRÁFICO | |
| Nombre geográfico | Estados Unidos |
| Subdivisión general | Condiciones económicas |
| Subdivisión cronológica | 1971-1981 |
| 9 (RLIN) | 9135 |
| 700 1# - ENTRADA AGREGADA--NOMBRE PERSONAL | |
| Nombre de persona | Van Loon, Borin |
| Fechas asociadas al nombre | 1951- |
| 9 (RLIN) | 10607 |
| 942 ## - ELEMENTOS DE ENTRADA SECUNDARIOS (KOHA) | |
| Fuente del sistema de clasificación o colocación | Clasificación de Library of Congress |
| Tipo de ítem Koha | Libro |
| 946 ## - PROCESAMIENTO DE INFORMACIÓN LOCAL (OCLC) | |
| a | mfcruz |
| Estatus retirado | Estado de pérdida | Fuente del sistema de clasificación o colocación | Estado de daño | No para préstamo | Colección | Biblioteca de origen | Biblioteca actual | Ubicación en estantería | Fecha de adquisición | Serial enumeration / chronology | Signatura topográfica completa | Código de barras | Visto por última vez | Tipo de ítem Koha |
|---|---|---|---|---|---|---|---|---|---|---|---|---|---|---|
| Clasificación de Library of Congress | Ciencias Sociales | Biblioteca Juan Bosch | Biblioteca Juan Bosch | Ciencias Sociales (3er. Piso) | 10/04/2023 | 3 | HB501 .L536c 1981 | 00000071143 | 24/10/2018 |
